Κατασκευάζοντας τον ανδρισμό μέσα από αντιλήψεις και πρακτικές οπαδών αθλητικών ποδοσφαιρικών συλλόγων : το παράδειγμα του Παναθηναϊκού Αθλητικού Ομίλου : διπλωματική εργασία
Αποθηκεύτηκε σε:
| Κύριος συγγραφέας: | |
|---|---|
| Συγγραφή απο Οργανισμό/Αρχή: | |
| Μορφή: | Thesis Βιβλίο |
| Γλώσσα: | Greek |
| Δημοσίευση: |
2009
|
| Θέματα: | |
| Διαθέσιμο Online: | http://hdl.handle.net/11610/11732 |
| Ετικέτες: |
Προσθήκη ετικέτας
Δεν υπάρχουν, Καταχωρήστε ετικέτα πρώτοι!
|
MARC
| LEADER | 00000cam a2200000 i 4500 | ||
|---|---|---|---|
| 001 | 1/8807 | ||
| 008 | 100630s2009 gr | ||| |||| ||gre|| | ||
| 035 | |l 10108398 | ||
| 040 | |a GR-MY-UA |b gre |e aacr | ||
| 041 | 0 | |a gre | |
| 082 | 0 | |a 305.31 |2 (22) | |
| 100 | 1 | |a Ράλλης, Γεώργιος-Ιγνάτιος. | |
| 245 | 1 | 0 | |a Κατασκευάζοντας τον ανδρισμό μέσα από αντιλήψεις και πρακτικές οπαδών αθλητικών ποδοσφαιρικών συλλόγων : |b το παράδειγμα του Παναθηναϊκού Αθλητικού Ομίλου : διπλωματική εργασία / |c Γεώργιος-Ιγνάτιος Ράλλης ; επιβλέπων καθηγητής: Κωνσταντίνος Γιαννακόπουλος. |
| 260 | |c 2009 | ||
| 300 | |a 81 σ. ; |c 30 εκ. | ||
| 502 | |a Διατριβή (μεταπτυχιακή) – Πανεπιστήμιο Αιγαίου, Λέσβος, 2009. | ||
| 504 | |a Βιβλιογραφία: σ. 77-81. | ||
| 650 | 0 | 0 | |a Sex role |z Greece. |
| 650 | 0 | 0 | |a Men |z Greece |x Social conditions. |
| 650 | 0 | 0 | |a Masculinity in sports. |
| 650 | 0 | 0 | |a Sports spectators. |
| 650 | 0 | 0 | |a Football fans |z Greece. |
| 650 | 0 | 0 | |a Masculinity |z Greece. |
| 650 | 0 | 0 | |a Dissertations, Academic |z Greece. |
| 700 | 1 | |a Γιαννακόπουλος, Κωνσταντίνος Φ. |e dgs | |
| 710 | 2 | |a Πανεπιστήμιο Αιγαίου. |b Σχολή Κοινωνικών Επιστημών. |b Τμήμα Κοινωνικής Ανθρωπολογίας και Ιστορίας. |b Πρόγραμμα Μεταπτυχιακών Σπουδών Γυναίκες και Φύλα: Ανθρωπολογικές και Ιστορικές Προσεγγίσεις. | |
| 852 | |a INST |b LESVOS |c DIATR |e 20100630 |h 109 |p 005100048306 |q 005100048306 |t MTXE |y 23 | ||
| 852 | |a INST |b LESVOS |c DIATR |e 20100630 |h 110 |p 005100048308 |q 005100048308 |t MTXE |y 23 | ||
| 856 | |u http://hdl.handle.net/11610/11732 | ||
| 901 | |a BIBL1-2009-2 | ||
| 909 | |a Λ |b 164969 | ||
| 909 | |a Λ |b 164970 | ||
| 924 | |a ΡΑΛΛΗΣ |b ΓΕΩΡΓΙΟΣ-ΙΓΝΑΤΙΟΣ |y Λέσβος |z 2009-12 | ||
| 970 | |a ΤΖΑΦΕΡΗ |b ΕΥΑΓΓΕΛΙΑ |z 2010/06/30 | ||